[Event "Internet Section 06B g/8'+2\""]
[Site "Dos Hermanas"]
[Date "2004.03.06"]
[Round "4"]
[White "McKenzie, Mark"]
[Black "Wordemann, Martin"]
[Result "0-1"]
[WhiteElo "1431"]
[BlackElo "1897"]
[PlyCount "58"]
[EventDate "2004.03.06"]
[EventType "swiss (blitz)"]
[EventRounds "9"]
[EventCountry "ESP"]
[SourceTitle "CBM 099 Extra"]
[Source "ChessBase"]
[SourceDate "2004.05.04"]
[SourceVersion "1"]
[SourceVersionDate "2004.05.04"]
[SourceQuality "1"]

1. e4 d5 2. exd5 Qxd5 3. Nc3 Qa5 4. Nf3 c6 5. d4 Nf6 6. Bd2 Bf5 7. Ne4 Qb6 8. Nxf6+ gxf6 9. Bc3 e6 10. Bc4 Bb4 11. 0-0 Bxc3 12. bxc3 Nd7 13. Nh4 Bg6 14. Rb1 Qc7 15. Re1 Nb6 16. Bxe6 fxe6 17. Rxe6+ Kf7 18. Qe2 Rae8 19. Re1 Qd7 20. Qg4 Rxe6 21. Rxe6 Qxe6 22. Qd1 Re8 23. Nf3 Bh5 24. Ng5+ fxg5 25. Qxh5+ Qg6 26. Qf3+ Kg7 27. Qd1 Qxc2 28. Qa1 Nc4 29. Kh1 Qd2 0-1

[Event "Internet Section 06B g/8'+2\""]
[Site "Dos Hermanas"]
[Date "2004.03.06"]
[Round "6"]
[White "Purton, Benjamin"]
[Black "Wordemann, Martin"]
[Result "1-0"]
[WhiteElo "2121"]
[BlackElo "1950"]
[PlyCount "77"]
[EventDate "2004.03.06"]
[EventType "swiss (blitz)"]
[EventRounds "9"]
[EventCountry "ESP"]
[SourceTitle "CBM 099 Extra"]
[Source "ChessBase"]
[SourceDate "2004.05.04"]
[SourceVersion "1"]
[SourceVersionDate "2004.05.04"]
[SourceQuality "1"]

1. e4 d5 2. Nc3 dxe4 3. d3 exd3 4. Bxd3 Nf6 5. Bg5 Bg4 6. f3 Bh5 7. Qe2 e6 8. 0-0-0 Nbd7 9. h4 Bg6 10. Bxg6 hxg6 11. Nh3 Be7 12. Nf4 c6 13. Nxg6 fxg6 14. Qxe6 Kf8 15. Ne4 Nxe4 16. fxe4 Qe8 17. Rhf1+ Bf6 18. Qxd7 Qxd7 19. Rxd7 Ke8 20. Rxb7 Bxg5+ 21. hxg5 Rf8 22. Rd1 Rf7 23. Rxf7 Kxf7 24. Rd7+ Ke6 25. Rxg7 Ke5 26. Rxg6 Rc8 27. Rg7 Kxe4 28. Rxa7 Kf5 29. Ra5+ Kg4 30. Rc5 Kg3 31. g6 Kxg2 32. g7 Rg8 33. Rxc6 Rxg7 34. b3 Kf3 35. Rc3+ Ke4 36. Kb2 Kd4 37. a4 Kd5 38. a5 Rb7 39. Ka3 1-0

[Event "Internet Section 06B g/8'+2\""]
[Site "Dos Hermanas"]
[Date "2004.03.06"]
[Round "1"]
[White "Wordemann, Martin"]
[Black "Li, Shilong"]
[Result "0-1"]
[WhiteElo "1926"]
[BlackElo "2546"]
[PlyCount "114"]
[EventDate "2004.03.06"]
[EventType "swiss (blitz)"]
[EventRounds "9"]
[EventCountry "ESP"]
[SourceTitle "CBM 099 Extra"]
[Source "ChessBase"]
[SourceDate "2004.05.04"]
[SourceVersion "1"]
[SourceVersionDate "2004.05.04"]
[SourceQuality "1"]

1. Nf3 c5 2. c4 Nf6 3. Nc3 g6 4. g3 Bg7 5. Bg2 0-0 6. 0-0 Nc6 7. d3 d6 8. a3 e5 9. Rb1 Nd4 10. Ne1 a5 11. h3 Rb8 12. e3 Nc6 13. Nc2 Ne7 14. b4 axb4 15. axb4 cxb4 16. Nxb4 Be6 17. Bb2 d5 18. cxd5 Nfxd5 19. Ncxd5 Nxd5 20. Nxd5 Bxd5 21. Bxd5 Qxd5 22. d4 e4 23. Ba3 Rfc8 24. Bc5 Rc6 25. Rb6 Rxb6 26. Bxb6 Ra8 27. Qc2 Bf8 28. Qc7 Ra2 29. Qb8 Kg7 30. Bc7 Be7 31. Be5+ f6 32. Bf4 b5 33. Rc1 Ra8 34. Qc7 Kf7 35. Rc5 Qe6 36. Bd6 Qxd6 37. Qxd6 Bxd6 38. Rxb5 Ra7 39. Kg2 f5 40. g4 Ke6 41. Rb2 h5 42. gxh5 gxh5 43. f3 h4 44. fxe4 fxe4 45. Rb5 Rg7+ 46. Kf2 Rg3 47. Rh5 Rxh3 48. Rh6+ Kd5 49. Rh5+ Kc4 50. Rh6 Bg3+ 51. Kg2 Rh2+ 52. Kg1 Kd3 53. d5 Rd2 54. d6 Kxe3 55. Rh8 Rxd6 56. Rf8 Bf4 57. Rh8 Kf3 0-1

[Event "Internet Section 06B g/8'+2\""]
[Site "Dos Hermanas"]
[Date "2004.03.06"]
[Round "7"]
[White "Wordemann, Martin"]
[Black "Palmer, Jordan"]
[Result "1-0"]
[WhiteElo "2011"]
[BlackElo "2029"]
[PlyCount "99"]
[EventDate "2004.03.06"]
[EventType "swiss (blitz)"]
[EventRounds "9"]
[EventCountry "ESP"]
[SourceTitle "CBM 099 Extra"]
[Source "ChessBase"]
[SourceDate "2004.05.04"]
[SourceVersion "1"]
[SourceVersionDate "2004.05.04"]
[SourceQuality "1"]

1. Nf3 c5 2. c4 Nc6 3. Nc3 Nf6 4. g3 d6 5. Bg2 g6 6. 0-0 Bg7 7. d3 0-0 8. a3 Bg4 9. h3 Bd7 10. Rb1 Qc8 11. Kh2 e6 12. b4 cxb4 13. axb4 Ng4+ 14. hxg4 Bxc3 15. g5 Ne5 16. Nxe5 Bxe5 17. b5 Bg7 18. Qd2 Rb8 19. Bb2 e5 20. Ba3 Qc7 21. Qb4 Bg4 22. Rfe1 Rfd8 23. Rbc1 Qe7 24. Qd2 Qd7 25. Bb4 a6 26. bxa6 bxa6 27. Ra1 Qc8 28. Ra5 Be6 29. Bc3 d5 30. cxd5 Bd7 31. Rc1 Qb7 32. Ra2 Bb5 33. Ba5 Rd7 34. Rac2 Qa7 35. Rc8+ Bf8 36. Bb4 Rd8 37. Rxb8 Rxb8 38. Bxf8 Rxf8 39. Qb4 Qxf2 40. Qe1 Qf5 41. Qd2 Rd8 42. e4 Qd7 43. d4 exd4 44. Qxd4 Qe7 45. Qf6 Qf8 46. e5 a5 47. d6 Bd7 48. Bd5 a4 49. Rf1 Re8 50. Bxf7+ 1-0

[Event "Internet Section 06B g/8'+2\""]
[Site "Dos Hermanas"]
[Date "2004.03.06"]
[Round "3"]
[White "Wordemann, Martin"]
[Black "Xiao, Cheng"]
[Result "0-1"]
[WhiteElo "1911"]
[BlackElo "2268"]
[PlyCount "72"]
[EventDate "2004.03.06"]
[EventType "swiss (blitz)"]
[EventRounds "9"]
[EventCountry "ESP"]
[SourceTitle "CBM 099 Extra"]
[Source "ChessBase"]
[SourceDate "2004.05.04"]
[SourceVersion "1"]
[SourceVersionDate "2004.05.04"]
[SourceQuality "1"]

1. Nf3 d5 2. d4 Nf6 3. c4 e6 4. Nc3 c6 5. Bg5 dxc4 6. e4 b5 7. e5 h6 8. Bh4 g5 9. Nxg5 hxg5 10. Bxg5 Nbd7 11. g3 Bb7 12. Bg2 Qb6 13. exf6 0-0-0 14. 0-0 c5 15. d5 b4 16. Rb1 Qa6 17. dxe6 Bxg2 18. e7 Bxf1 19. Kxf1 Bh6 20. Bxh6 Rxh6 21. Qd5 Rdh8 22. Rd1 Nxf6 23. Qd8+ Kb7 24. Rd7+ Nxd7 25. Qxd7+ Kb8 26. e8Q+ Rxe8 27. Qxe8+ Qc8 28. Qe5+ Qc7 29. Qe8+ Kb7 30. Qe4+ Qc6 31. Qe7+ Kb6 32. Qd8+ Ka6 33. Nd5 Rd6 34. Nc7+ Kb7 35. Qa8+ Kxc7 36. Qxa7+ Kd8 0-1